Revista CES salud pública

Detalles Bibliográficos
Autor Corporativo: Universidad CES. Facultad de Medicina
Formato: Electrónico Revista
Lenguaje:español
Publicado: Medellín, Colombia : Universidad CES, Facultad de Medicina, [2010]-
Materias:
Acceso en línea:Full text available from Research Library: 01/01/2010 to 01/31/2017

MARC

LEADER 00000nas a2200000 a 4500
001 ssj0000800583
003 WaSeSS
005 20200512172242.0
006 m d
007 cr n
008 110706c20109999ck fr p s 0 0spa c
010 |a  2012262185 
022 |a 2145-9932  |l 2145-9932 
035 |a (WaSeSS)ssj0000800583 
040 |a AU@  |b eng  |c AU@  |d OCLCQ  |d CGU  |d CUS  |d OCLCQ  |d OCLCF  |d OCLCO  |d OCLCQ  |d WaSeSS 
041 0 |a spa  |b eng  |b por  |b spa 
042 |a pcc 
210 0 |a Rev. CES salud publica  |b (En linea) 
222 0 |a Revista CES salud publica  |b (En linea) 
245 0 0 |a Revista CES salud pública  |h [electronic resource]. 
260 |a Medellín, Colombia :  |b Universidad CES, Facultad de Medicina,  |c [2010]- 
310 |a Semiannual 
362 1 |a Began with vol. 1, no. 1 (jul./dic. 2010). 
506 |a License restrictions may limit access. 
515 |a Vol. 1 complete in 1 issue. 
546 |a Text in Spanish; abstracts in English, Portuguese, and Spanish. 
588 |a Description based on: Vol. 1, no. 1 (jul./dic. 2010); title from cover PDF (Revistas CES Web site, Nov. 27, 2012). 
588 |a Latest issue consulted: Vol. 3, no. 2 (jul./dic. 2012) (viewed Nov. 27, 2012). 
650 0 |a Public health  |v Periodicals. 
650 7 |a Public health.  |2 fast  |0 (OCoLC)fst01082238 
655 0 |a Electronic journals. 
710 2 |a Universidad CES.  |b Facultad de Medicina. 
856 4 0 |z Full text available from Research Library: 01/01/2010 to 01/31/2017  |u https://search.proquest.com/publication/2037661